Statistics for New Jersey Devils Roster

Click here to take the quiz!

General Stats

  • This quiz has been taken 81 times
    (29 since last reset)
  • The average score is 16 of 25

Answer Stats

Number Last Name % Correct
9Hall
100%
13Hischier
95%
35Schneider
85%
6Greene
80%
28Severson
80%
63Bratt
80%
44Wood
80%
1Kinkaid
75%
11Boyle
70%
21Palmieri
70%
45Vatanen
70%
19Zajac
65%
40Coleman
65%
37Zacha
65%
8Butcher
65%
12Lovejoy
55%
25Mueller
50%
90Johansson
50%
23Noesen
50%
2Moore
50%
40Grabner
45%
39Gibbons
45%
18Stafford
40%
31Lack
35%
10Hayes
30%

Score Distribution

Percentile by Number Answered

Percent of People with Each Score

Your Score History

You have not taken this quiz since the last reset